Estigmatización, conducta desviada y victimización en una zona marginada (Registro nro. 48)
[ vista simple ]
| 000 -Cabecera | |
|---|---|
| Campo de control de longitud fija | 00632aam a2200241 4500 |
| 005 - Fecha y hora de la última transacción | |
| Campo de control | 20260320154046.0 |
| 008 - Elementos de longitud fija--Información general | |
| Campo de control de longitud fija | 150717b1983 xxu||||| |||| 00| 0 spa d |
| 041 ## - Idioma | |
| Código de idioma | Español |
| 082 ## - Clasificación Decimal Dewey | |
| Número de clasificación | 364.256 N322e |
| 100 ## - Entrada principal--Autor personal | |
| Nombre personal | Navarro Solano, Sonia |
| 9 (RLIN) | 14311 |
| 245 ## - Título propiamente dicho | |
| Título | Estigmatización, conducta desviada y victimización en una zona marginada |
| 260 ## - Pie de imprenta | |
| Lugar de publicación, distribución, etc. | Costa Rica |
| 260 ## - Pie de imprenta | |
| Nombre del editor, distribuidor, etc. | Ilanud |
| 260 ## - Pie de imprenta | |
| Fecha de publicación, distribución, etc. | 1983 |
| 300 ## - Descripción física | |
| Extensión | 135 páginas |
| 490 ## - Serie | |
| Título de la Serie | Investigación Criminal |
| 650 ## - Materia general | |
| Temática (materia general) | COSTA RICA |
| 650 ## - Materia general | |
| Temática (materia general) | DESVIACIÓN |
| 650 ## - Materia general | |
| Temática (materia general) | ESTIGMATIZACIÓN |
| 650 ## - Materia general | |
| Temática (materia general) | MARGINALIDAD |
| 650 ## - Materia general | |
| Temática (materia general) | VICTIMIZACIÓN |
| 942 ## - Punto de acceso adicional KOHA | |
| Tipo de ítem KOHA | Libro |
| Fuente del sistema de clasificación o colocación | Dewey Decimal Classification |
| Signatura completa | Código de barras | Programa Académico | Tipo de ítem |
|---|---|---|---|
| 364.256 N322e | 504 | Investigación Criminal | Libro |